The golden apple : war and democracy in Croatia and Bosnia
Αποθηκεύτηκε σε:
| Άλλοι συγγραφείς: | , |
|---|---|
| Μορφή: | Βιβλίο |
| Γλώσσα: | English |
| Δημοσίευση: |
Boulder : New York :
East European Monographs, Distributed by Columbia University Press,
1996
|
| Σειρά: | East European monographs ;
; 450 |
| Θέματα: | |
| Ετικέτες: |
Προσθήκη ετικέτας
Δεν υπάρχουν, Καταχωρήστε ετικέτα πρώτοι!
|
MARC
| LEADER | 00000nam a2200000 i 4500 | ||
|---|---|---|---|
| 001 | 1/94808 | ||
| 008 | 991130s1996 eng d | ||
| 020 | |a 0-88033-347-2 | ||
| 035 | |l 10054998 | ||
| 040 | |a GR-MY-UA |b gre |e aacr | ||
| 041 | 0 | |a eng | |
| 082 | 0 | |a 949.703 | |
| 245 | 1 | 4 | |a The golden apple : |b war and democracy in Croatia and Bosnia / |c edited by Nick Ceh and Jeff Harder |
| 260 | |a Boulder : |a New York : |b East European Monographs, |b Distributed by Columbia University Press, |c 1996 | ||
| 300 | |a 135 p. |b ill.; map | ||
| 490 | 1 | |a East European monographs |v ; 450 | |
| 650 | 0 | 0 | |a Yugoslav War, 1991-1995 |x Personal narratives. |
| 700 | 1 | |a Ceh, Nick. |4 edt | |
| 700 | 1 | |a Harder, Jeff. |4 edt | |
| 830 | 0 | |a East European monographs ; |v ; 450 | |
| 852 | |a INST |b LESVOS |e 19991130 |h 949.703 GOL |p 005100022263 |q 005100022263 |t BK |y 0 | ||
| 901 | |a BIBL1-2000-1 | ||
| 909 | |a Λ |b 070308 | ||
| 922 | |a 1ΕΛΗ |b 199911 |c ΚΠΣ/ΤΚΑ |d LEADER | ||
| 950 | |a 117-1999-07-27 | ||
| 970 | |a ΤΖΑΦΕΡΗ |b ΕΥΑΓΓΕΛΙΑ |z 2000/01/13 | ||